000 00454nam a2200193Ia 4500
005 20240531100901.0
008 131103s9999 xx 000 0 und d
040 _aLoreto College
041 _aEnglish
082 _a570
_bKAP
100 _aKapur, N.
245 _aScience is fun
_cN. Kapur & D. Kaplash
260 _aDelhi
_bFrank
_c1975
300 _a195p.
_b ill.
650 _aScience
700 _aKaplash, D.
850 _aLCBED
942 _cBK
999 _c34538
_d85017